000 00651nam a2200217Ii 4500
003 JO-AjNU
008 230605s9999||||xx |||||||||||||| ||und||
017 _a2005/3/713
040 _aJO-AjNU
_bara
_erda
_cJO-AjNU
041 _aara
050 1 4 _aLB1027.25.S2482 2006
100 3 _aسليم،صلاح فؤاد,
_eauthor
_910840
245 0 0 _aالنشاطات المدرسية
250 _aط1
264 3 1 _aعمان:مكتبة المجتمع العربي،2006
300 _a147ص
336 _atext
_btxt
_2rdacontent
337 _aunmediated
_bn
_2rdamedia
338 _avolume
_bnc
_2rdacarrier
650 4 _aالنشاط المدرسي
_910841
999 _aA2014
_c5582
_d5582